000 00618nam a2200217 4500
003 OSt
005 20240722033827.0
006 a
008 240722b |||||||| |||| 00| 0 eng d
020 _a9780071270540
040 _aDWCL-Main lib.
_cOC
082 _aCirc. 512.5 D316i 2009
100 _aDeFranza, Jim
245 _aIntroduction to linear algebra with applications /
260 _aBoston :
_bMcGraw-Hill Higher Education,
_cc2009.
300 _axviii,
_b488 p. : ill. ;
_c23 cm.
504 _aIncludes index.
650 _a1. Linear algebra.
650 _a2. Algebra.
942 _2ddc
_n0
_cBK-CIRC
_kCirc.
999 _c2499
_d2499